Introduction fo quatitative genetics

Bibliographic Details
Main Author: FALCONER
Format: Book
Published: London : Longman , 1981
Edition:2nd ed.
Subjects:

MARC

LEADER 00000cam a2200000 7i4500
001 0000002758
005 20040107.0
020 0 0 |a 0582441951 
090 0 0 |a 599.935   |b FAL 1981 
100 1 0 |a FALCONER   |h D. S. 
245 1 0 |a Introduction fo quatitative genetics   |c D. S. Falconer 
250 0 0 |a 2nd ed. 
260 0 0 |a London :   |b Longman ,   |c 1981 
300 |a viii, 340 p. :   |b ill. ;   |c 24 cm. 
500 0 0 |a Includes bibliography : p. 321-334 and index 
650 0 0 |a Population genetics 
998 |a JPSM 
999 |a 0000004416   |b Monograph   |c Open Shelf   |e Default branch